GATE 2020: Computer Science and IT Engineering (Previous Solved Papers) (Record no. 8423)
[ view plain ]
| 000 -LEADER | |
|---|---|
| fixed length control field | 00374nam a22001457a 4500 |
| 003 - CONTROL NUMBER IDENTIFIER | |
| control field | OSt |
| 008 - FIXED-LENGTH DATA ELEMENTS--GENERAL INFORMATION | |
| fixed length control field | 200124b ||||| |||| 00| 0 eng d |
| 020 ## - INTERNATIONAL STANDARD BOOK NUMBER | |
| International Standard Book Number | 9789388137812 |
| 082 ## - DEWEY DECIMAL CLASSIFICATION NUMBER | |
| Classification number | 004 |
| Item number | MAG |
| 100 ## - MAIN ENTRY--PERSONAL NAME | |
| Personal name | MADE EASY |
| 245 ## - TITLE STATEMENT | |
| Title | GATE 2020: Computer Science and IT Engineering (Previous Solved Papers) |
| 250 ## - EDITION STATEMENT | |
| Edition statement | 13th |
| 260 ## - PUBLICATION, DISTRIBUTION, ETC. (IMPRINT) | |
| Place of publication, distribution, etc | New Delhi |
| Name of publisher, distributor, etc | Made Easy |
| 942 00 - ADDED ENTRY ELEMENTS (KOHA) | |
| Source of classification or shelving scheme | Dewey Decimal Classification |
| Koha item type | Reference Books |
| Withdrawn status | Lost status | Source of classification or shelving scheme | Damaged status | Not for loan | Collection code | Home library | Current library | Date acquired | Source of acquisition | Currency | Cost, normal purchase price | Bill Number | Total Checkouts | Full call number | Acc. no. / Barcode | Date last seen | Date last borrowed | Copy number | Actual Cost, discounted price | Bill Date | Koha item type | Public note |
|---|---|---|---|---|---|---|---|---|---|---|---|---|---|---|---|---|---|---|---|---|---|---|
| Dewey Decimal Classification | B.Tech(CSE) | PIET C-LIBRARY | PIET C-LIBRARY | 24/01/2020 | Kirti Prakashan | IN Rupees | 850.00 | IN 5959 | 5 | 004 MAG | 31592 | 20/05/2025 | 13/03/2025 | 1 | 595.00 | 03/01/2020 | Text Books | |||||
| Dewey Decimal Classification | B.Tech(CSE) | PIET C-LIBRARY | PIET C-LIBRARY | 24/01/2020 | Kirti Prakashan | IN Rupees | 850.00 | IN 5959 | 1 | 004 MAG | 31593 | 17/10/2023 | 24/01/2020 | 2 | 595.00 | 03/01/2020 | Text Books | |||||
| Dewey Decimal Classification | GENERAL | PIET C-LIBRARY | PIET C-LIBRARY | 24/01/2020 | Kirti Prakashan | IN Rupees | 850.00 | IN 5959 | 004 MAG | 31594 | 24/01/2020 | 3 | 595.00 | 03/01/2020 | Reference Books | Competition | ||||||
| Dewey Decimal Classification | GENERAL | PIET C-LIBRARY | PIET C-LIBRARY | 24/01/2020 | Kirti Prakashan | IN Rupees | 850.00 | IN 5959 | 8 | 004 MAG | 31595 | 25/09/2024 | 03/10/2022 | 4 | 595.00 | 03/01/2020 | Text Books | Competition |